| 000 | 01174 a2200241 4500 | ||
|---|---|---|---|
| 001 | 53039 | ||
| 005 | 20260407155804.0 | ||
| 008 | 260407a2009 arg spa d | ||
| 003 | AR-UNSa-BCEJYS | ||
| 040 |
_aAR-UNSa-BCEJYS _bspa _cAR-UNSa-BCEJYS |
||
| 080 |
_a338.1 _xSituación económica. Ciclos. Desarrollo de la estructura económica |
||
| 245 | 1 | 0 | _aDe vuelta a la economía de la gran depresión y la crisis del 2008 |
| 020 | _a978-958-45-1732-6 | ||
| 264 | 1 |
_aBogotá : _bGrupo Editorial Norma _c2009 |
|
| 300 |
_a196 p. _c23 cm. |
||
| 505 | _a1. "El problema central ha sido resuelto" - 2. Advertencia ignorada: la crisis de América Latina - 3. La trampa de Japón - 4. El derrumbe de Asia - 5. La perversidad de las políticas - 6. Amos del universo - 7. Las burbujas de Greenspan - 8. La banca de las sombras - 9. La suma de todos los temores - 10. De vuelta ala economía de la gran depresión | ||
| 041 | _aspa | ||
| 942 | _cBK | ||
| 590 | _aniveau_biblio:m niveau_hierar:0 | ||
| 100 | 1 | _aKrugman, Paul R. | |
| 700 | 1 | _aRecamán Santos, Bernardo | |
| 856 | 4 | 1 |
_uhttps://www.biblioeco.unsa.edu.ar/pmb/images/libros/L128395.jpg _yImagen de portada _qimage/jpeg |
| 999 |
_c5048 _d5048 |
||